000 00447nam a22001697a 4500
003 OSt
005 20140310182530.0
008 130813t xxu||||| |||| 00| 0 eng d
020 _a9781416062578
050 _aR 121
_b.D711 2012
245 _aDorland's illustrated medical dictionary /
250 _a32nd ed.
260 _aPhiladelphia :
_bSaunders,
_cc2012.
300 _a2147 p. :
_bill. ;
_c29 cm.
942 _2lcc
_cSSLC
999 _c14129
_d14129